Geotechnical engineering (Record no. 187531)

000 -LEADER
fixed length control field 00363nam a2200133Ia 4500
008 - FIXED-LENGTH DATA ELEMENTS--GENERAL INFORMATION
fixed length control field 220217s9999||||xx |||||||||||||| ||und||
020 ## - INTERNATIONAL STANDARD BOOK NUMBER
International Standard Book Number 9788173719905
082 ## - DEWEY DECIMAL CLASSIFICATION NUMBER
Classification number 624.15 MOI
100 ## - MAIN ENTRY--PERSONAL NAME
Personal name Moitra, Debashis
9 (RLIN) 9860
245 #0 - TITLE STATEMENT
Title Geotechnical engineering
260 ## - PUBLICATION, DISTRIBUTION, ETC.
Place of publication, distribution, etc. Universities press
Name of publisher, distributor, etc. Hyderabad
Date of publication, distribution, etc. 2016
300 ## - PHYSICAL DESCRIPTION
Extent XXII, 886p.
Other physical details 725
650 ## - SUBJECT ADDED ENTRY--TOPICAL TERM
Topical term or geographic name entry element GEOLOGY
Holdings
Withdrawn status Lost status Damaged status Not for loan Collection code Home library Current library Shelving location Date acquired Full call number Barcode Date last seen Price effective from Koha item type
        Civil Engineering Central Library Central Library Reference 02/18/2022 624.15 MOI 22720 02/18/2022 02/18/2022 Books

Powered by Koha